Middle-class identities in the United States/
Gespeichert in:
| 1. Verfasser: | |
|---|---|
| Format: | Buch |
| Sprache: | English |
| Tags: |
Tag hinzufügen
Keine Tags, Fügen Sie den ersten Tag hinzu!
|
MARC
| LEADER | 00000nam a22000007a 4500 | ||
|---|---|---|---|
| 003 | cru CRAI/IIS | ||
| 005 | 20200220151605.0 | ||
| 008 | 200220t2005 nyu|||||r||||||0| ||eng|d | ||
| 999 | |c 42962 |d 42962 | ||
| 040 | |c cru CRAI/IIS | ||
| 100 | 1 | |9 9093 |a Devine, Fiona | |
| 245 | 1 | |a Middle-class identities in the United States/ |c Fiona Devine | |
| 300 | |a páginas 140-162 | ||
| 773 | 0 | |0 42779 |9 4170 |d New York: Palgrave Macmillan, 2005 |o 18552 |t Rethinking class: |z 9780333968956 | |
| 942 | |2 ddc |c LI | ||



